|
|
|
|
| LEADER |
00000cam a22000004a 4500 |
| 001 |
musev2_6255 |
| 003 |
MdBmJHUP |
| 005 |
20230905040732.0 |
| 006 |
m o d |
| 007 |
cr||||||||nn|n |
| 008 |
050622s2005 miu o 00 0 eng d |
| 010 |
|
|
|z 2005050628
|
| 020 |
|
|
|a 9780472021499
|
| 020 |
|
|
|z 9780472031290
|
| 035 |
|
|
|a (OCoLC)607790395
|
| 040 |
|
|
|a MdBmJHUP
|c MdBmJHUP
|
| 043 |
|
|
|a n-us---
|
| 050 |
0 |
4 |
|a KF4155
|b .D56 2005
|
| 082 |
0 |
|
|a 344.73/0798
|2 22
|
| 100 |
1 |
|
|a Dimond, Paul R.
|
| 245 |
1 |
0 |
|a Beyond Busing :
|b Reflections on Urban Segregation, the Courts, and Equal Opportunity /
|c Paul R. Dimond.
|
| 250 |
|
|
|a [Pbk. ed.].
|
| 264 |
|
1 |
|a Ann Arbor :
|b University of Michigan Press,
|c 2005.
|
| 264 |
|
3 |
|a Baltimore, Md. :
|b Project MUSE,
|c 2012
|
| 264 |
|
4 |
|c ©2005.
|
| 300 |
|
|
|a 1 online resource (436 pages).
|
| 336 |
|
|
|a text
|b txt
|2 rdacontent
|
| 337 |
|
|
|a computer
|b c
|2 rdamedia
|
| 338 |
|
|
|a online resource
|b cr
|2 rdacarrier
|
| 500 |
|
|
|a "With a new preface and afterword."
|
| 504 |
|
|
|a Includes bibliographical references (p. 417-419).
|
| 588 |
|
|
|a Description based on print version record.
|
| 650 |
|
0 |
|a Race discrimination
|z United States.
|
| 650 |
|
0 |
|a Discrimination in housing
|x Law and legislation
|z United States.
|
| 650 |
|
0 |
|a Discrimination in education
|x Law and legislation
|z United States.
|
| 655 |
|
7 |
|a Electronic books.
|2 local
|
| 710 |
2 |
|
|a Project Muse.
|e distributor
|
| 830 |
|
0 |
|a Book collections on Project MUSE.
|
| 856 |
4 |
0 |
|z Texto completo
|u https://projectmuse.uam.elogim.com/book/6255/
|
| 945 |
|
|
|a Project MUSE - Custom Collection
|
| 945 |
|
|
|a Project MUSE - Archive Complete Foundation
|
| 945 |
|
|
|a Project MUSE - Archive Political Science and Policy Studies Foundation
|